Statistics for All Metallica Songs

Click here to take the quiz!

General Stats

  • This quiz has been taken 7 times
  • The average score is 47 of 119

Answer Stats

AlbumSongs% Correct
Ride The LightningCreeping Death
100%
Ride The LightningFade To Black
100%
Ride The LightningFight Fire With Fire
100%
Ride The LightningFor Whom The Bell Tolls
100%
Master Of PuppetsMaster Of Puppets
100%
Master Of PuppetsOrion
100%
Ride The LightningRide The Lightning
100%
Kill 'Em AllSeek & Destroy
100%
Ride The LightningThe Call Of Ktulu
100%
Kill 'Em AllThe Four Horsemen
100%
Kill 'Em AllWhiplash
100%
...And Justice For All...And Justice For All
80%
Kill 'Em All(Anesthesia) - Pulling Teeth
80%
Master Of PuppetsBattery
80%
...And Justice For AllBlackened
80%
Master Of PuppetsDamage, Inc.
80%
Master Of PuppetsDisposable Heroes
80%
Ride The LightningEscape
80%
...And Justice For AllHarvester Of Sorrow
80%
Master Of PuppetsLeper Messiah
80%
Kill 'Em AllMetal Militia
80%
...And Justice For AllOne
80%
Ride The LightningTrapped Under Ice
80%
Master Of PuppetsWelcome Home (Sanitarium)
80%
Load2 X 4
60%
72 Seasons
Lux Aeterna
60%
The Black Album (Metallica)Enter Sandman
60%
ReloadFuel
60%
Hardwired... To Self DestructHardwired
60%
Kill 'Em AllHit The Lights
60%
The Black Album (Metallica)Holier Than Thou
60%
72 SeasonsIf Darkness Had A Son
60%
LoadKing Nothing
60%
Kill 'Em AllMotorbreath
60%
The Black Album (Metallica)My Friend Of Misery
60%
The Black Album (Metallica)Nothing Else Matters
60%
Kill 'Em AllPhantom Lord
60%
The Black Album (Metallica)Sad But True
60%
St. AngerSt. Anger
60%
...And Justice For AllThe Frayed Ends Of Sanity
60%
The Black Album (Metallica)The God That Failed
60%
...And Justice For AllThe Shortest Straw
60%
Master Of PuppetsThe Thing That Should Not Be
60%
The Black Album (Metallica)The Unforgiven
60%
...And Justice For AllTo Live Is To Die
60%
The Black Album (Metallica)Wherever I May Roam
60%
72 Seasons72 Seasons
40%
LoadAin't My Bitch
40%
Hardwired... To Self DestructAtlas, Rise!
40%
St. AngerDirty Window
40%
The Black Album (Metallica)Don't Tread On Me
40%
...And Justice For AllDyers Eve
40%
...And Justice For AllEye Of The Beholder
40%
Kill 'Em AllJump In The Fire
40%
LoadMama Said
40%
Kill 'Em AllNo Remorse
40%
LoadRonnie
40%
St. AngerSome Kind Of Monster
40%
LoadThe House Jack Built
40%
ReloadThe Memory Remains
40%
ReloadThe Unforgiven II
40%
Death MagneticThe Unforgiven III
40%
72 SeasonsToo Far Gone?
40%
Death MagneticAll Nightmare Long
20%
St. AngerAll Within My Hands
20%
ReloadAttitude
20%
ReloadBad Seed
20%
LoadBleeding Me
20%
LoadCure
20%
St. AngerFrantic
20%
LoadHero Of The Day
20%
72 SeasonsInamorata
20%
St. AngerInvisible Kid
20%
Hardwired... To Self DestructMoth Into Flame
20%
Death MagneticMy Apocalypse
20%
Hardwired... To Self DestructNow That Were Dead
20%
The Black Album (Metallica)Of Wolf And Man
20%
LoadPoor Twisted Me
20%
ReloadPrince Charming
20%
72 SeasonsRoom Of Mirrors
20%
72 SeasonsScreaming Suicide
20%
St. AngerShoot Me Again
20%
72 SeasonsSleepwalk My Life Away
20%
Death MagneticSuicide & Redemption
20%
St. AngerSweet Amber
20%
Death MagneticThe Day That Never Comes
20%
Death MagneticThe Judas Kiss
20%
LoadThe Outlaw Torn
20%
The Black Album (Metallica)The Struggle Within
20%
LoadThorn Within
20%
LoadUntil It Sleeps
20%
LoadWasting My Hate
20%
Hardwired... To Self DestructAm I Savage?
0%
ReloadBetter Than You
0%
Death MagneticBroken, Beat & Scarred
0%
ReloadCarpe Diem Baby
0%
72 SeasonsChasing Light
0%
Hardwired... To Self DestructConfusion
0%
72 SeasonsCrown Of Barbed Wire
0%
Death MagneticCyanide
0%
ReloadDevils Dance
0%
Hardwired... To Self DestructDream No More
0%
ReloadFixxxer
0%
Hardwired... To Self DestructHalo On Fire
0%
Hardwired... To Self DestructHere Comes Revenge
0%
ReloadLow Man's Lyric
0%
Hardwired... To Self DestructManUNkind
0%
Hardwired... To Self DestructMurder One
0%
St. AngerMy World
0%
St. AngerPurify
0%
72 SeasonsShadows Follow
0%
ReloadSlither
0%
Hardwired... To Self DestructSpit Out The Bone
0%
Death MagneticThat Was Just Your Life
0%
Death MagneticThe End Of The Line
0%
St. AngerThe Unnamed Feeling
0%
The Black Album (Metallica)Through The Never
0%
ReloadWhere The Wild Things Are
0%
72 SeasonsYou Must Burn!
0%

Score Distribution

Percentile by Number Answered

Percent of People with Each Score

Your Score History

You have not taken this quiz